USA Junior National Team Members - Statistics

General Stats
  • This quiz has been taken 50 times
    33 since last reset
  • The average score is 62 of 326
Answer Stats
Answer % Correct
Simone Biles
100%
Becky Johnson
93%
Brandy Johnson
93%
Erin Johnson
93%
Kristine Johnson
93%
Sabrina Mar
93%
Shawn Johnson
93%
Sydney Johnson-Scharpf
93%
Bridget Sloan
87%
McKayla Maroney
87%
Nastia Liukin
87%
Aly Raisman
80%
Chellsie Memmel
80%
Gabrielle Douglas
80%
Jordyn Wieber
80%
Kyla Ross
80%
Rebecca Bross
80%
Dominique Dawes
73%
Dominique Moceanu
73%
Kim Zmeskal
73%
Shannon Miller
73%
Vanessa Atler
73%
Vikki Miller
73%
Amy Chow
67%
Brenna Dowell
67%
Courtney Kupets
67%
Courtney McCool
67%
Kerri Strug
67%
Laurie Hernandez
67%
Samantha Peszek
67%
Elizabeth Price
60%
Jordan Chiles
60%
Kassi Price
60%
Katelyn Ohashi
60%
Kristie Phillips
60%
Madison Kocian
60%
Robin Phelps
60%
Amanda Borden
53%
Ashley Priess
53%
Brittany Smith
53%
Carly Patterson
53%
Christy Ray
53%
Elise Ray
53%
Jalynne Dantzscher
53%
Jamie Dantzscher
53%
Kaitlin White
53%
Mary Lou Retton
53%
Mattie Larson
53%
Morgan Smith
53%
Morgan White
53%
Mykayla Skinner
53%
Ragan Smith
53%
Alyssa Baumann
47%
Chelle Stack
47%
Ivana Hong
47%
Jana Bieger
47%
Jennifer Jones
47%
Shayla Worley
47%
Ashley Postell
40%
Bailie Key
40%
Bridgette Caquatto
40%
Gina Jackson
40%
Hilary Grivich
40%
Hope Spivey
40%
Kendall Beck
40%
Kim Kelly
40%
Kristal Uzelac
40%
Kristen Maloney
40%
Kristy Powell
40%
Madison Desch
40%
Natasha Kelley
40%
Susan Jackson
40%
Tabitha Yim
40%
Terin Humphrey
40%
Ashley Miles
33%
Doni Thompson
33%
Hollie Vise
33%
Jazmyn Foberg
33%
Jeanette Antolin
33%
Jennie Thompson
33%
Jennifer Orlando
33%
Jennifer Sey
33%
Katie Heenan
33%
Lexie Priessman
33%
Mary Beth Arnold
33%
Phoebe Mills
33%
Rachel Tidd
33%
Sarah Finnegan
33%
Tia Orlando
33%
Amelia Hundley
27%
Chelsea Davis
27%
Christy Henrich
27%
Jordan Schwikert
27%
Melissa Marlowe
27%
Sabrina Vega
27%
Tasha Schwikert
27%
Brianna Brown
20%
Catherine Nguyen
20%
Dee Dee Foster
20%
Emma Malabuyo
20%
Gabby Perea
20%
Grace Taylor
20%
Jackie Nguyen
20%
Julissa Gomez
20%
Kamerin Moore
20%
Kelly Baker
20%
Kennedy Baker
20%
Michelle Dusserre
20%
Nia Dennis
20%
Nicole Harris
20%
Norah Flatley
20%
Rhonda Faehn
20%
Veronica Hults
20%
Allyse Ishino
13%
Amy Scherr
13%
Bianca Flohr
13%
Cassie Whitcomb
13%
Christina Desiderio
13%
Deanne Soza
13%
Elisabeth Crandall
13%
Erica Stokes
13%
Katie Teft
13%
Larissa Fontaine
13%
Leondra Willis
13%
McKenzie Wofford
13%
Melanie Sinclair
13%
Mina Kim
13%
Nina Kim
13%
Pam Bileck
13%
Polina Shchennikova
13%
Randy Stageberg
13%
Rebecca Clark
13%
Sarah Shire
13%
Soni Meduna
13%
Summer Reid
13%
Theresa Kulikowski
13%
Alexis Brion
7%
Alexis Vasquez
7%
Amanda Jetter
7%
Amanda Stroud
7%
Amber Trani
7%
Ariana Guerra
7%
Briley Casanova
7%
Brittany Thome
7%
Caitlin Sullivan
7%
Danielle Wood
7%
Dawn Wilson
7%
Dianne Durham
7%
Elizabeth Tricase
7%
Elizabeth Walker
7%
Emily Gaskins
7%
Erin Dooley
7%
Geralen Stack-Eaton
7%
Jenny Ester
7%
Joyce Wilborn
7%
Julie Pigg
7%
Karen Tierney
7%
Katie Hardman
7%
Kelly Pitzen
7%
Krista Jasper
7%
Kristin Thome
7%
Larissa Stewart
7%
Lindsay Wing
7%
Marcia Newby
7%
Marie Fjordholm
7%
Melissa Chan
7%
Melissa Green
7%
Monique Chang
7%
Morgan Evans
7%
Olivia Courtney
7%
Samantha Shapiro
7%
Sarah Curtis
7%
Shantessa Pama
7%
Shavahn Church
7%
Sheryl Dundas
7%
Susie Kinkaid
7%
Tracy Calore
7%
Alexis Maday
0%
Alyssa Solomon
0%
Amanda Uherek
0%
Amy Apler
0%
Amy Shelton
0%
Andree' Pickens
0%
Angela Beam
0%
Angela Darquisto
0%
Angie Denkins
0%
Annabeth Eberle
0%
Annette Miele
0%
Anne Woynerowski
0%
Annie Fogerty
0%
Ashlee Bradley
0%
Ashley Jenkins
0%
Ashley Stott
0%
Asi Peko
0%
Audra Fraim
0%
Austyn Fobes
0%
Becca Whitehurst
0%
Breanne Rutherford
0%
Breasha Pruitt
0%
Bridget Knaeble
0%
Brittany Koncak
0%
Brittany Talbert
0%
Caitlin Quinby
0%
Cara Lepper
0%
Carly Janiga
0%
Carri Nagle
0%
Casey Overton
0%
Chelsea Plourde
0%
Cheryl Holt
0%
Cheryl Kaneshiro
0%
Cindy Cole
0%
CIndy Rosenberry
0%
Coreen Murphy
0%
Corrie Lothrop
0%
Cortni Beers
0%
Debbie Gondek
0%
Deidra Graham
0%
Denise Fierro
0%
Eileen Diaz
0%
Eileen Rocchio
0%
Elise Wheeler
0%
Emily Spychala
0%
Ericha Fassbender
0%
Fatima Carrasco
0%
Gail Kachura
0%
Gigi Zosa
0%
Glyn Sweets
0%
Gwen Spindle
0%
Hallie Mossett
0%
Heather Pierce
0%
Heidi Brady
0%
Heidi Hornbeek
0%
Heidi Kaye
0%
Jamie Martini
0%
Janae Cox
0%
Jana McQuown
0%
Jana Reardon
0%
Jennifer Barton
0%
Jennifer Hagberg
0%
Jennifer McKernan
0%
Jessica Washburn
0%
JoJo Sims
0%
Julian Brumbaugh
0%
Juliet Bangerter
0%
Julie Whitman
0%
Kaitlyn Dyson
0%
Karen Dalton
0%
Karin Lichey
0%
Karissa Chock
0%
Kassandra Kanalas
0%
Keely McNeer
0%
Kelly Parkinson
0%
Kiana Winston
0%
Kinsey Rowe
0%
Kristen Stucky
0%
Kristi Lichey
0%
Kristina Comforte
0%
Kristin Duff
0%
Kristin McDermott
0%
Lanna Apisukh
0%
Laura French
0%
Laura Szczepanski
0%
Laurie Hallmark
0%
Leila Pallardy
0%
Lindsey Vanden Eykel
0%
Lisa Colwell
0%
Lisa Lazar
0%
Lisa Marzan
0%
Lisa Panzironi
0%
Lisa Patti
0%
Lori Winn
0%
Makayla Stambaugh
0%
Margaret Ulett
0%
Maria Scaffidi
0%
Marissa Medal
0%
Marline Stephens
0%
Marna Neubauer
0%
Maya Kato
0%
Megan Browning
0%
Meghan Blair
0%
Melinda Baimbridge
0%
MIchaelene Myers
0%
Michelle Emmons
0%
Missy Wells
0%
Misty Rosas
0%
Molly Shawen
0%
Monica Flammer
0%
Monica Shoji
0%
Mylan Dodd
0%
Nadya Mason
0%
Natalie Reske
0%
Nicole Fajardo
0%
Nicole Kushner
0%
Nicole Trewitt
0%
Paige Spiller
0%
Rachel Glasmire
0%
Rachel Rochelli
0%
Rachel Updike
0%
Randi Lau
0%
Randy Campagna
0%
Rebekah Zaiser
0%
Rheagan Courville
0%
Robin Lynn Carter
0%
Sarah Balogach
0%
Sarah Cain
0%
Sarah DeMeo
0%
Sheehan Lemley
0%
Sierra Sapunar
0%
Sophina DeJesus
0%
Stephanie Carter
0%
Stephanie Gentry
0%
Stephanie Woods
0%
Sunja Knapp
0%
Susanna Wells
0%
Susie Silverman
0%
Tanya Maiers
0%
Tara Tagliarino
0%
Tasha Stafford
0%
Tiffany Quincy
0%
Tiffany Simpson
0%
Tina Snowden
0%
Traci Hinkle
0%
Tracy Butler
0%
Whitney Ferguson
0%
No matching quizzes found
Score Distribution
Percent of People with Each Score
Percentile by Number Answered
Your Score History
You have not taken this quiz since the last reset